|
|
|
|
| LEADER |
00000nab a2200000 a 4500 |
| 001 |
vtls000288204 |
| 003 |
SK-MaSNL |
| 005 |
20260304234859.0 |
| 008 |
250422c1987 xo 0 slo |
| 015 |
|
|
|a SNBRB19rr/mm-uuuuu
|
| 035 |
|
|
|a CL0298322
|
| 035 |
|
|
|a urn:nbn:sk:snk-aba6lc
|
| 035 |
|
|
|a (urnnbn)urn:nbn:sk:snk:ar-a09ibz
|
| 035 |
|
|
|a (uuid)67e2e66c-f0dc-4cae-a157-0a35f1e0a64e
|
| 040 |
|
|
|a SNKBUCL
|b slo
|c SNKBUCL
|e AACR2
|
| 041 |
0 |
|
|a eng
|
| 044 |
|
|
|a xo
|c SK
|
| 080 |
|
|
|a 902.3:550.3
|2 1981
|
| 080 |
|
|
|a 550.3
|2 1981
|
| 100 |
1 |
|
|a Hvoždara, Milan,
|d 1942-2012
|4 aut
|9 39823
|
| 245 |
1 |
0 |
|a Modelling of Electric Fields in the Presence of Two-Dimensional non-Conductors for the Purposes of Resistivity Profiling in Archeology
|c Milan Hvoždara, Ján Tirpák
|
| 300 |
|
|
|b Tb. 14. Res. rus., lit. 12 zázn. v slov., češ., angl., franc., nem.
|
| 650 |
0 |
7 |
|a archeológia
|2 snkbucl
|9 4974
|
| 650 |
0 |
7 |
|a profilovanie odporové (archeológia)
|2 snkbucl
|9 991172
|
| 650 |
0 |
7 |
|a elektrické pole
|2 snkbucl
|9 4344
|
| 655 |
|
7 |
|a články z novín a časopisov
|2 snkbucl
|9 267496
|
| 700 |
1 |
|
|a Tirpák, Ján,
|d 1950-
|4 aut
|9 39653
|
| 773 |
0 |
|
|t Slovenská archeológia
|g Roč. 35, č. 1 (1987), s. 165-187
|
| 850 |
|
|
|a Slovenská národná knižnica
|
| 852 |
|
|
|a Slovenská národná knižnica
|
| 958 |
|
|
|a article13
|
| 958 |
|
|
|a RK
|
| 958 |
|
|
|a NB
|
| 958 |
|
|
|a OND
|
| 958 |
|
|
|a EUIPO
|
| 992 |
|
|
|a RBX
|
| 999 |
|
|
|c 3206031
|d 3207961
|